Kliky v náhodných sieťach

Gespeichert in:
Bibliographische Detailangaben
1. Verfasser: Práznovský, Martin, 1988- (Verfasst von)
Weitere Verfasser: Nehéz, Martin, 1972- (Betreuung Doktorarbeit)
Format: Manuskript Buch
Sprache:Slowakisch
Veröffentlicht: Bratislava : STU v Bratislave FIIT, 2010
Schlagworte:
Online-Zugang:VAIS
Tags: Tag hinzufügen
Keine Tags, Fügen Sie das erste Tag hinzu!

MARC

LEADER 00000ntm a22000003a 4500
001 stu218368
005 20150617230114.5
008 101203s2010----xo------------------slo-d
040 |a STU  |b slo 
041 0 |a slo 
044 |a xo 
100 1 |a Práznovský, Martin,  |d 1988-  |4 aut  |u I300  |U FIIT Fakulta informatiky a informačných technológií  |T FIIT Ústav aplikovanej informatiky  |X 47895  |U I300  |Y 180  |7 A000047895 
242 0 0 |a Cliques in random graphs  |y eng 
245 1 |a Kliky v náhodných sieťach 
260 |a Bratislava :  |b STU v Bratislave FIIT,  |c 2010 
300 |a 48 s 
650 7 |a informatika  |2 stusub 
650 7 |a Informatics  |2 estusub 
650 7 |a náhodný graf  |2 stusub 
700 1 |a Nehéz, Martin,  |d 1972-  |4 ths  |u C7270  |U FCHPT Ústav informatizácie, automatizácie a matematiky  |T FCHPT Oddelenie matematiky  |X 38260  |U C7270  |Y 122  |7 A0000038260 
856 4 |a info a plný text  |u http://is.stuba.sk/zp/portal_zp.pl?podrobnosti=46556  |3 VAIS 
996 |c I*BAP132/10  |l II680  |s P  |a 0  |w stu218368_0001